| 000 | 00506nam a2200181 4500 | ||
|---|---|---|---|
| 003 | SEACOMEC | ||
| 005 | 20240905133207.0 | ||
| 008 | 231013b |||||||| |||| 00| 0 eng d | ||
| 022 | _cRs. 395.00 | ||
| 040 | _aSEACOMEC | ||
| 082 |
_a004.65 _bLIM |
||
| 100 | 1 | _aLimoncelli, Thomas A. | |
| 245 | 1 | 4 |
_aThe Practice of system and network administration/ _cThomas A. Limoncelli and Christine Hogan |
| 260 |
_aDelhi _bPearson _c2003 |
||
| 650 | _aComputer science | ||
| 700 | 1 | _aHogan, Christine | |
| 942 | _cBOOK | ||
| 999 |
_c217 _d217 |
||